Girl in the shadows (Record no. 177119)

MARC details
000 -LEADER
fixed length control field 00249nam a2200097Ia 4500
082 ## - DEWEY DECIMAL CLASSIFICATION NUMBER
Classification number EF ANDR
008 - FIXED-LENGTH DATA ELEMENTS--GENERAL INFORMATION
fixed length control field 210817s9999 xx 000 0 und d
100 ## - MAIN ENTRY--PERSONAL NAME
Personal name ANDREWS, Virginia London, 2008
9 (RLIN) 12628
245 #0 - TITLE STATEMENT
Title Girl in the shadows
942 ## - ADDED ENTRY ELEMENTS
item type Books
-- 282
-- Emmerencia Nonyane
Holdings
Withdrawn status Lost status Damaged status Not for loan Home library Current library Date acquired Cost, normal purchase price Total Checkouts Barcode Date last seen Price effective from item type Source of classification or shelving scheme Collection code Shelving location Full call number
        Leandra Leandra 18.08.2021 183.00   33228021609647 18.08.2021 18.08.2021 Books        
        Volksrust Volksrust 10.06.2026 115.00   33228021611668 10.06.2026 10.06.2026 Books Dewey Decimal Classification Fiction Fiction EF ANDR